| 000 | 00555 a2200181 4500 | ||
|---|---|---|---|
| 999 |
_c182880 _d182880 |
||
| 005 | 20211208163034.0 | ||
| 010 | _aENG-130246 | ||
| 020 |
_c120.00 _a978-81-87952-36-7 |
||
| 035 | _aEN-113778 | ||
| 037 | _bDBAD / PUB | ||
| 082 | _a649.12 | ||
| 245 |
_aAre you Killing Your Child: _bS.C. Kakar |
||
| 250 | _a2013 | ||
| 260 |
_aKolkata _bMark-Age Services Pvt. Ltd _c2013 |
||
| 270 |
_aG-1, Ground Floor, 334, Nath Para _bKolkata _e700084 _mmarkage.india@sify.com |
||
| 300 |
_a128p. _c21cm (pbk) |
||
| 942 |
_adpl _cEN _2ddc _h649.12 _mKAK |
||